000 01030nam a2200277Ia 4500
003 OSt
005 20221005110221.0
006 a|||||r|||| 00| 0
007 ta
008 221004b |||||||| |||| 00| 0 hin d
020 _a8126000058 (pbk)
_c125
024 _a93565
037 _b528, 19/03/2009, Vani Prakashan
_cTextual
040 _aCRL
_cCRL
_bhin
041 _2hin
_ahin
082 _aO152,1DSA:g, P4
100 _aउपाध्याय, विश्वम्भर नाथ
_9159288
245 0 _aसरहपा
246 _aSarahapā
260 _aनई दिल्ली
_bसाहित्य अकादेमी भारत
_c1994
300 _a68पृ0
_ccm.
490 _aभारतीय साहित्य के निर्माता
650 _aहिन्दी साहित्य
942 _hO152,1DSA:g, P4
_cTEXL
_2cc
999 _c1018145
_d1018145